000 00885nam a2200217 a 4500
001 000041632
005 20201002035657.0
008 131014s2005 sp 000 0 spa d
020 _a8400083636
040 _aDO-SdBNP
_bspa
_cBNPHU
082 _axxx
_bR696e
100 1 _aRodríguez Nozal, Raúl
_968416
245 1 0 _aEntre el arte y la técnica :
_blos orígenes de la fabricación industrial del medicamento /
_cRaúl Rodríguez Nozal, Antonio González Bueno.
260 _aMadrid :
_bConsejo Superior de Investigaciones Científicas,
_c2005.
300 _a491 p. ;
_c22 cm.
490 1 _aEstudios sobre la ciencia
_v38
500 _aIncluye referencias bibliográficas y notas al pie de las páginas.
700 1 2 _aGonzález Bueno, Antonio
_968417
710 2 _aConsejo Superior de Investigaciones Científicas (España)
_915178
830 0 _aEstudios sobre la ciencia
_n38
_968418
999 _c41122
_d41122